000
00284 a2200109 4500
001
ART_5664
005
20260410161617.0
008
260409a
245
1
0
_a
Secreto profesional
100
1
_a
Melzi, Flavia Irene
773
0
_t
Enfoques
_g
- NÂș 7 (jul. 2006)
_w
REV416
999
_c
11167
_d
11167